LEADER 00856naa a2200229 u 4500 001 000000093221 003 CaOOAMICUS 005 20070226130132.0 008 010622s1930 fr u000 u fre u 035 $a10893674 040 $aPUL(R)$bita 100 1 $aBentwich, Norman De Mattos,$d1883-1971.$0(OLS)http://pul/name/60020 245 13$aLe système des mandats /$cpar Norman Bentwich. 260 $a[S. l. :$bs. n.],$c1930. 300 $aP. [115-186] 504 $aBibliografia in nota. 650 4$aColonialismo e anticolonialismo.$0(OLS)http://pul/subject/29231 650 4$aDiritto internazionale.$0(OLS)http://pul/subject/2505 773 0 $tRecueil des cours$gv.IV (1929) 773 0 $tRecueil des cours 1929$w()59483 996 $6245$aLe système des mandats$9(OLS)http://pul/title/120096 996 $6260$a[S. l. :$bs. n.]$9(OLS)http://pul/publisher/47882 LEADER 01272nam a2200289 u 4500 001 000000052674 003 CaOOAMICUS 005 20070226115457.0 008 001023r19481936it u000 u ita u 035 $a10859131 040 $aPUL(R)$bita 100 1 $aHoratius Flaccus, Quintus,$d65-8 a.C.$0(OLS)http://pul/name/8724 240 10$aCarmina$9(Horatius Flaccus, Quintus, 65-8 a.C.).$lItaliano.$0(OLS)http://pul/title/70629 245 12$aI carmi e gli epodi /$ccommentati da Onorato Tescari. 260 $aTorino :$bS.E.I.,$c1948. 300 $axliv, 522 p. ;$c21 cm 500 $aTesto latino e commento italiano. 700 1 $aTescari, Onorato,$d1876-1966.$0(OLS)http://pul/name/9876 700 1 $aHoratius Flaccus, Quintus,$d65-8 a.C.$tEpodon liber$9(Horatius Flaccus, Quintus, 65-8 a.C.).$0(OLS)http://pul/name/37567 850 $aPUL 852 $aPUL$W1$xDP1 Fondo Ciprotti$y59$m1547 E 17$j69610$nBK-PRI$b $qFondi$B69610$CPULBib$Z2$F69610 $H $81 900 $aOrazio,$d65-8 a.C.$98724 900 $aFlaccus, Quintus Horatius,$d65-8 a.C.$98724 941 1 $a1 961 $aINV: Fondo Ciprotti 996 $6245$aI carmi e gli epodi$9(OLS)http://pul/title/70630 996 $6260$aTorino :$bS.E.I.$9(OLS)http://pul/publisher/50772